|
|
แสดงรายละเอียดบรรณานุกรม |
|
|
Brief Record
: Get Marc (ISO 2709)
: E-mail record
: |
|
|
| LEADER 00000nam 2200000uu 4500 | |||
| 001 212659 | |||
| 003 ULIBM | |||
| 008 020711s2556 th a 000 0 tha d | |||
| 041 ^atha | |||
| 050 4 BQ4570.L5 พ322ธ 2556 | |||
| 100 0 ^aพระครูปลัดสิทธิวรวัฒน์ (คธาวุฒิ ยโสธโร) | |||
| 245 ธรรมวิธีการแก้ปัญหา/^cพระครูปลัดสิทธิวรวัฒน์ (คธาวุฒิ ยโสธโร) | |||
| 260 ขอนแก่น :^bศูนย์ปฏิบัติธรรมสวนเวฬุวัน,^c2556 | |||
| 300 141 หน้า :^bภาพประกอบ ;^c25 ซม. | |||
| 650 4 ^aธรรมะกับชีวิตประจำวัน | |||
| 650 4 ^aธรรมเทศนา | |||
| 650 4 ^aการแก้ปัญหา | |||
| 999 ^aใช้งานได้ทุกระบบ | |||
| คุณยังไม่ได้ล็อกอิน คุณสามารถมีกิจกรรมร่วมกับเว็บไซต์ได้ แต่ต้องล็อกอินก่อน :: |
|
| สถานะ | |||||||||
| 1. | หนังสือทั่วไป | BQ4570.L5 พ322ธ 2556 ฉ.1 | On Shelf ขอยืม | ||||||
| [แสดง 1/1 รายการ] | |||||||||
BibComment |
| คอมเมนท์ทรัพยากรรายการนี้ |
|
|